LEADER 03174nam 22008653u 450 001 9910455790903321 005 20210114025344.0 010 $a0-309-51007-4 035 $a(CKB)111069351124258 035 $a(EBL)3375417 035 $a(SSID)ssj0000131597 035 $a(PQKBManifestationID)11137228 035 $a(PQKBTitleCode)TC0000131597 035 $a(PQKBWorkID)10011810 035 $a(PQKB)10974960 035 $a(MiAaPQ)EBC3375417 035 $a(EXLCZ)99111069351124258 100 $a20170301d2001|||| u|| | 101 0 $aeng 181 $ctxt 182 $cc 183 $acr 200 10$aCoverage Matters$b[electronic resource] $eInsurance and Health Care 210 $aWashington $cNational Academies Press$d2001 215 $a1 online resource (203 p.) 225 0 $aInsuring health Coverage matters 300 $aDescription based upon print version of record. 311 $a0-309-07609-9 327 $a""Front Matter""; ""Reviewers""; ""Preface""; ""Foreword""; ""Acknowledgments""; ""Contents""; ""Executive Summary""; ""1 Why Health Insurance Matters""; ""2 The Dynamics of Health Insurance Coverage""; ""3 Who Goes Without Health Insurance? Who Is Most Likely to Be Uninsured?""; ""4 Analytic Plan""; ""A A Conceptual Framework for Evaluating the Consequences of Uninsurance: A Cascade of Effects""; ""B Measuring Insurance Coverage and Insurance Rates""; ""C Data Tables""; ""D Multivariate Analyses""; ""E Glossary""; ""F Biographical Sketches""; ""References"" 606 $aMedically uninsured persons$zUnited States 606 $aHealth insurance$zUnited States 606 $aMedical care$zUnited States 606 $aPatient Care Management 606 $aHealth Care Quality, Access, and Evaluation 606 $aPersons 606 $aInsurance 606 $aHealth Care 606 $aFinancing, Organized 606 $aHealth Services Administration 606 $aEconomics 606 $aHealth Care Economics and Organizations 606 $aDelivery of Health Care 606 $aMedically Uninsured 606 $aInsurance Coverage 606 $aInsurance, Health 607 $aNorth America 607 $aAmericas 607 $aUnited States 608 $aElectronic books. 615 0$aMedically uninsured persons 615 0$aHealth insurance 615 0$aMedical care 615 2$aPatient Care Management 615 2$aHealth Care Quality, Access, and Evaluation 615 2$aPersons 615 2$aInsurance 615 2$aHealth Care 615 2$aFinancing, Organized 615 2$aHealth Services Administration 615 2$aEconomics 615 2$aHealth Care Economics and Organizations 615 2$aDelivery of Health Care 615 2$aMedically Uninsured 615 2$aInsurance Coverage 615 2$aInsurance, Health 676 $a368.38 700 $aStaff$b Board on Health Care Services$0969432 701 $aStaff$b Institute of Medicine$0893223 801 0$bAU-PeEL 801 1$bAU-PeEL 801 2$bAU-PeEL 906 $aBOOK 912 $a9910455790903321 996 $aCoverage Matters$92202984 997 $aUNINA LEADER 02033oam 2200517I 450 001 9910707713103321 005 20161121152341.0 035 $a(CKB)5470000002467421 035 $a(OCoLC)885281854 035 $a(EXLCZ)995470000002467421 100 $a20140805d1976 ua 0 101 0 $aeng 135 $aurbn||||||||| 181 $ctxt$2rdacontent 182 $cc$2rdamedia 183 $acr$2rdacarrier 200 10$aMineral resources of the Bradwell Bay Wilderness and the Sopchoppy River Study Area, Wakulla County, Florida /$fby Cornelia C. Cameron and by Peter C. Mory ; with sections on Phosphate, by James B. Cathcart, and Sand, by Philip J. Geraci 210 1$a[Washington, D.C.] :$cUnited States Department of the Interior, Geological Survey,$d1977. 210 2$aWashington :$cUnited States Government Printing Office. 215 $a1 online resource (vi, 37 pages, 1 page of plates) $cillustrations, maps 225 1 $aGeological Survey bulletin ;$v1431 225 1 $aStudies related to wilderness--wilderness areas 300 $a"Evaluation of mineral potential of area." 320 $aIncludes bibliographical references (pages 36-37). 606 $aGeology$zFlorida$zWakulla County 606 $aMines and mineral resources$zFlorida$zWakulla County 606 $aMines and mineral resources$2fast 607 $aFlorida$zWakulla County$2fast 615 0$aGeology 615 0$aMines and mineral resources 615 7$aMines and mineral resources. 700 $aCameron$b Cornelia C.$f1911-1994,$01388948 702 $aCathcart$b James Bachelder$f1917- 702 $aGeraci$b Philip J. 702 $aMory$b Peter C. 712 02$aGeological Survey (U.S.), 801 0$bCOP 801 1$bCOP 801 2$bOCLCO 801 2$bOCLCF 801 2$bOCLCA 801 2$bGPO 906 $aBOOK 912 $a9910707713103321 996 $aMineral resources of the Bradwell Bay Wilderness and the Sopchoppy River Study Area, Wakulla County, Florida$93440000 997 $aUNINA